00907nam a2200205 a 450000100100000000500170001000800410002702000180006804000250008608200150011110000280012624501060015426000390026030000360029950000700033570000470040595201130045295201190056599900170068400004469920201002045547.0141218s2013 dr ac 000 0 spa d a9789945583281 aDO-SdBNPbspacBNPHU axxxxbxxxx1 aPichardo, Manolo92492913aEl parlacen y los procesos de integración /cManolo Pichardo ; prólogo Álvaro Colón Pichardo. aSanto Domingo :bSantuario,c2013. a120 p. :bil., retrs. ;c22 cm. aIncluye datos biográficos del autor en la solapa de la cubierta1 aColón Pichardo, Álvaroepról.972693 0010718PDaPDbPDcCTd2014-12-18iLF1l0oxxxx xxxxp44699-10r2020-06-25w2020-06-25yLFPDZNo se presta 0010718PDaPDbPDcCTd2014-12-18iLF1l0oxxxx xxxxp44699-20r2020-06-25te. 2w2020-06-25yLFPDZNo se presta c44188d44188